| Tag |
First Indicator |
Second Indicator |
Subfields |
| LEADER |
00000cas a2200000Ka 4500 |
| 001 |
in00003848331 |
| 005 |
20171002090431.0 |
| 006 |
m o d |
| 007 |
cr ||||||||||| |
| 008 |
170517c19919999gw x moo 0 0eng d |
| 022 |
|
|
|y 0927-0841
|
| 040 |
|
|
|a TXA
|c TXA
|d UtOrBLW
|
| 049 |
|
|
|a TXAM
|
| 090 |
|
|
|a TP150.S24
|b C762 Electronic
|
| 245 |
0 |
0 |
|a Chemical safety sheets.
|
| 264 |
|
1 |
|a Berlin [etc.] :
|b Springer
|
| 300 |
|
|
|a 1 online resource
|
| 336 |
|
|
|a text
|b txt
|2 rdacontent
|
| 337 |
|
|
|a computer
|b c
|2 rdamedia
|
| 338 |
|
|
|a online resource
|b cr
|2 rdacarrier
|
| 362 |
1 |
|
|a Began in 1991?
|
| 500 |
|
|
|a Electronic resource.
|
| 650 |
|
0 |
|a Chemicals
|x Safety measures.
|0 http://id.loc.gov/authorities/subjects/sh85022970
|
| 655 |
|
4 |
|a Electronic books.
|
| 776 |
0 |
8 |
|i Print version:
|t Chemical safety sheets
|x 0927-0841
|
| 994 |
|
|
|a C0
|b TXA
|
| 948 |
|
|
|a cataloged
|b h
|c 2017/5/17
|d c
|e spoltoratski
|f 4:22:00 pm
|g Fake Record for unnumbered SpringerLink series/for SFX linking
|
| 999 |
|
|
|a MARS
|
| 999 |
f |
f |
|s 06609653-ad75-3934-82e4-195638d00625
|i df17c009-ebb1-30c9-ac5e-aa3dd2362b79
|t 0
|
| 952 |
f |
f |
|a Texas A&M University
|b College Station
|c Electronic Resources
|d Available Online
|t 0
|e TP150.S24 C762
|g Electronic
|h Library of Congress classification
|
| 998 |
f |
f |
|a TP150.S24 C762
|t 0
|l Available Online
|